[Event "Florianopolis op 10th"]
[Site "Florianopolis"]
[Date "2024.01.22"]
[Round "3"]
[White "Da Silva, Kauan Salvagni Tele"]
[Black "Paz, Martin"]
[Result "0-1"]
[WhiteElo "1517"]
[BlackElo "1880"]
[PlyCount "66"]
[EventDate "2024.01.20"]
[EventType "swiss"]
[EventRounds "10"]
[EventCountry "BRA"]
[SourceTitle "CB05_2024"]
[SourceDate "2024.01.31"]
[SourceVersion "1"]
[SourceVersionDate "2024.01.31"]
[SourceQuality "1"]

1. d4 Nf6 2. c4 e5 3. d5 Bc5 4. Nc3 d6 5. Bd2 a6 6. Qc2 0-0 7. e3 c6 8. Bd3 b5 9. Ne4 Nxe4 10. Bxe4 f5 11. Bf3 e4 12. Be2 Bb7 13. dxc6 Nxc6 14. cxb5 Ne5 15. Bc3 Nd3+ 16. Bxd3 exd3 17. Qb3+ Kh8 18. Nf3 f4 19. Nd4 Bc8 20. Qd5 fxe3 21. 0-0-0 exf2 22. Qxa8 d2+ 23. Bxd2 Bxd4 24. Qd5 Qf6 25. Qb3 Bf5 26. Bc3 Be3+ 27. Rd2 Bxd2+ 28. Bxd2 Rc8+ 29. Bc3 Qg5+ 30. Kd1 Bg4+ 31. Kc2 Qf5+ 32. Kd2 Qf4+ 33. Kc2 Bf5+ 0-1

[Event "Criciuma op-B"]
[Site "Criciuma"]
[Date "2024.01.17"]
[Round "8"]
[White "Da Silva, Camila Evaristo"]
[Black "Da Silva, Kauan Salvagni Tele"]
[Result "1-0"]
[WhiteElo "1680"]
[BlackElo "1517"]
[PlyCount "87"]
[EventDate "2024.01.12"]
[EventType "swiss"]
[EventRounds "9"]
[EventCountry "BRA"]
[SourceTitle "CB04_2024"]
[SourceDate "2023.10.16"]
[SourceVersion "1"]
[SourceVersionDate "2023.10.16"]
[SourceQuality "1"]

1. d4 d5 2. Bf4 Nf6 3. e3 c5 4. c3 Nc6 5. Nd2 e6 6. Ngf3 cxd4 7. exd4 Nh5 8. Bg5 f6 9. Bh4 Bd6 10. Ne5 Nf4 11. Nxc6 bxc6 12. Nf3 Qc7 13. Bg3 0-0 14. Bxf4 Bxf4 15. g3 Bd6 16. Bh3 e5 17. Bxc8 Raxc8 18. dxe5 fxe5 19. 0-0 Qf7 20. Nh4 Bc5 21. Qe2 Rce8 22. b4 Bb6 23. a4 a6 24. Ra2 a5 25. Rc2 Qa7 26. b5 Re6 27. bxc6 Ref6 28. Qe1 e4 29. Kh1 Rxf2 30. Rcxf2 Bxf2 31. Qe2 e3 32. Ng2 Qc5 33. Qb5 Qxb5 34. axb5 e2 35. Ra1 Bb6 36. Nf4 d4 37. cxd4 Bxd4 38. Re1 g5 39. Nxe2 Re8 40. Rd1 Bb6 41. Nc3 Rc8 42. Rd7 h6 43. Nd5 Rb8 44. Nxb6 1-0

[Event "Criciuma op-B"]
[Site "Criciuma"]
[Date "2024.01.13"]
[Round "3"]
[White "Da Silva, Kauan Salvagni Tele"]
[Black "Boabaid, Jorge Alberto Duard"]
[Result "1-0"]
[WhiteElo "1517"]
[BlackElo "1771"]
[PlyCount "77"]
[EventDate "2024.01.12"]
[EventType "swiss"]
[EventRounds "9"]
[EventCountry "BRA"]
[SourceTitle "CB04_2024"]
[SourceDate "2023.10.16"]
[SourceVersion "1"]
[SourceVersionDate "2023.10.16"]
[SourceQuality "1"]

1. d4 Nf6 2. c4 d5 3. Nf3 e6 4. e3 c6 5. Bd3 Bd6 6. b3 Nbd7 7. Bb2 Ne4 8. Bxe4 dxe4 9. Nfd2 f5 10. Qh5+ g6 11. Qe2 0-0 12. g3 Nf6 13. a3 a5 14. Nc3 Qe7 15. c5 Bc7 16. Nc4 Ra6 17. b4 Bd7 18. Nd2 Nd5 19. Qc4 axb4 20. axb4 Rxa1+ 21. Bxa1 Ra8 22. Bb2 b5 23. Nxd5 exd5 24. Qb3 g5 25. Ke2 Qf7 26. Ra1 Rxa1 27. Bxa1 Qh5+ 28. Ke1 Qxh2 29. Qa2 Bxg3 30. Nf1 Bxf2+ 31. Qxf2 Qh5 32. Qh2 Qf7 33. Qb8+ Kg7 34. Qe5+ Kg8 35. Qb8+ Be8 36. Qe5 f4 37. Qxg5+ Kh8 38. Qxf4 Qh5 39. Qf8# 1-0

[Event "Criciuma op-B"]
[Site "Criciuma"]
[Date "2024.01.12"]
[Round "1"]
[White "Da Silva, Kauan Salvagni Tele"]
[Black "De Souza, Guilherme Ricken G"]
[Result "1-0"]
[WhiteElo "1517"]
[BlackElo "1800"]
[PlyCount "53"]
[EventDate "2024.01.12"]
[EventType "swiss"]
[EventRounds "9"]
[EventCountry "BRA"]
[SourceTitle "CB04_2024"]
[SourceDate "2023.10.16"]
[SourceVersion "1"]
[SourceVersionDate "2023.10.16"]
[SourceQuality "1"]

1. d4 d5 2. c4 c6 3. Nf3 Bf5 4. e3 Nf6 5. b3 e6 6. Bb2 Nbd7 7. Bd3 Bxd3 8. Qxd3 c5 9. 0-0 Be7 10. Nc3 dxc4 11. bxc4 0-0 12. d5 exd5 13. cxd5 Nb6 14. e4 Re8 15. Rfe1 c4 16. Qc2 Bb4 17. Rad1 Nfd7 18. a3 Ba5 19. Re3 Ne5 20. Nxe5 Rxe5 21. Nb5 Re8 22. d6 Nd7 23. Qxc4 a6 24. Nc7 Re5 25. Qd4 Qg5 26. Rg3 Qxg3 27. hxg3 1-0

[Event "Joacaba op 2nd"]
[Site "Joacaba"]
[Date "2023.06.30"]
[Round "1"]
[White "Schmitz, Vinicius Spier"]
[Black "Da Silva, Kauan Salvagni Tele"]
[Result "0-1"]
[WhiteElo "1735"]
[BlackElo "1491"]
[PlyCount "62"]
[EventDate "2023.06.30"]
[EventType "swiss"]
[EventRounds "6"]
[EventCountry "BRA"]
[SourceTitle "CBM 215 Extra"]
[Source "ChessBase"]
[SourceDate "2023.09.30"]
[SourceVersion "1"]
[SourceVersionDate "2023.09.30"]
[SourceQuality "1"]

1. d4 d5 2. c4 e6 3. e3 Nf6 4. Nf3 Bd6 5. g3 0-0 6. Bg2 b6 7. 0-0 Bb7 8. Nc3 Nbd7 9. b3 Ne4 10. Bb2 Ndf6 11. Qd3 c5 12. Ne2 Rc8 13. Nd2 dxc4 14. bxc4 Nxd2 15. Qxd2 Bxg2 16. Kxg2 cxd4 17. Qxd4 Qc7 18. Rac1 Rfd8 19. Rfd1 Bxg3 20. Qc3 Bxf2 21. Kxf2 Ne4+ 22. Kf3 Nxc3 23. Rxd8+ Rxd8 24. Bxc3 Qc6+ 25. Kf2 Qe4 26. Bb2 Rd3 27. Bd4 e5 28. Ng3 Rd2+ 29. Ke1 Qg2 30. e4 exd4 31. Rd1 Qf2# 0-1

[Event "Concordia op 6th"]
[Site "Concordia"]
[Date "2022.10.12"]
[Round "2"]
[White "Moyses Sobrinho, Elias"]
[Black "Da Silva, Kauan Salvagni Tele"]
[Result "1-0"]
[WhiteElo "1848"]
[BlackElo "1471"]
[PlyCount "91"]
[EventDate "2022.10.12"]
[EventType "swiss"]
[EventRounds "9"]
[EventCountry "BRA"]
[SourceTitle "CBM 210 Extra"]
[Source "ChessBase"]
[SourceDate "2022.11.30"]
[SourceVersion "1"]
[SourceVersionDate "2022.11.30"]
[SourceQuality "1"]

1. d4 d5 2. c4 e6 3. Nf3 Nf6 4. Nc3 Be7 5. e3 0-0 6. Be2 b6 7. cxd5 exd5 8. 0-0 Bb7 9. Ne5 Nbd7 10. f4 Ne4 11. Nxe4 dxe4 12. Bc4 Nxe5 13. fxe5 Bd5 14. Qb3 Bxc4 15. Qxc4 a5 16. Bd2 Rc8 17. d5 Qd7 18. Bc3 b5 19. Qxe4 b4 20. Be1 Bc5 21. Bg3 Rce8 22. Rae1 Bd6 23. Qd4 Be7 24. Rc1 h5 25. Qc4 h4 26. Bf2 h3 27. gxh3 Qxh3 28. Bg3 Bg5 29. Rce1 Rd8 30. e4 Kh8 31. Rf5 Qh6 32. Qe2 g6 33. Rf3 f6 34. exf6 Bxf6 35. Bxc7 Bd4+ 36. Kh1 Rxf3 37. Qxf3 Rf8 38. Qg3 Kh7 39. Rd1 Ba7 40. d6 Qh5 41. Qd3 Rf3 42. Qe2 Qh3 43. Qg2 Qh5 44. d7 Rf2 45. d8Q Rxg2 46. Qe7+ 1-0

[Event "Wch U12"]
[Site "Batumi"]
[Date "2022.09.24"]
[Round "8"]
[White "Khazhatuly, Alikhan"]
[Black "Da Silva, Kauan Salvagni Tele"]
[Result "1-0"]
[WhiteElo "1611"]
[BlackElo "1400"]
[PlyCount "115"]
[EventDate "2022.09.16"]
[EventType "swiss"]
[EventRounds "11"]
[EventCountry "GEO"]
[SourceTitle "EXT 2023"]
[Source "ChessBase"]
[SourceDate "2022.10.05"]
[SourceVersion "1"]
[SourceVersionDate "2022.10.05"]
[SourceQuality "1"]

1. e4 e6 2. d4 d5 3. Nd2 Nf6 4. e5 Nfd7 5. Bd3 c5 6. c3 b6 7. Ne2 Ba6 8. Bxa6 Nxa6 9. 0-0 Nc7 10. Nf3 Be7 11. Be3 Qc8 12. Qd2 a5 13. Ng3 g6 14. Bh6 Bf8 15. Bxf8 Rxf8 16. Qh6 Qa6 17. Ng5 0-0-0 18. Nxh7 Rh8 19. Qg7 Qd3 20. Rad1 Qc2 21. Rb1 f5 22. Rfc1 Qd2 23. Nf1 Qf4 24. Nf6 Nxf6 25. Qxf6 Qh6 26. h4 Qxh4 27. Qxh4 Rxh4 28. g3 Rh7 29. Nd2 c4 30. b3 b5 31. a4 cxb3 32. Nxb3 bxa4 33. Nc5 Rdh8 34. Kg2 g5 35. Kf3 g4+ 36. Kf4 Rh2 37. Nd3 Na8 38. Rc2 Rh1 39. Rb5 R8h7 40. Rcb2 Ra7 41. Ra2 Rb7 42. Rc5+ Rc7 43. Rxa4 Rd1 44. Raxa5 Rxd3 45. Rxa8+ Kd7 46. Rxc7+ Kxc7 47. Ra2 Rxc3 48. Kg5 Rc6 49. Kf6 Kb7 50. Ke7 Rb6 51. Rc2 Ra6 52. Kd7 Rb6 53. Rc7+ Ka6 54. Rc6 Rxc6 55. Kxc6 Ka5 56. Kd6 Kb5 57. Kxe6 Kc4 58. Kxf5 1-0

[Event "Florianopolis op 8th"]
[Site "Florianopolis"]
[Date "2022.01.29"]
[Round "8"]
[White "Romais, Rodrigo"]
[Black "Da Silva, Kauan Salvagni Tele"]
[Result "0-1"]
[WhiteElo "1556"]
[BlackElo "1218"]
[PlyCount "128"]
[EventDate "2022.01.24"]
[EventType "swiss"]
[EventRounds "10"]
[EventCountry "BRA"]
[SourceTitle "EXT 2023"]
[Source "ChessBase"]
[SourceDate "2022.10.05"]
[SourceVersion "1"]
[SourceVersionDate "2022.10.05"]
[SourceQuality "1"]

1. e4 e6 2. d4 d5 3. Nd2 a6 4. Bd3 Nf6 5. e5 Nfd7 6. c3 c5 7. Ne2 Nc6 8. 0-0 Be7 9. Nf3 g5 10. Be3 h5 11. Qd2 g4 12. Ng5 Rg8 13. h4 b6 14. Ng3 Bxg5 15. Bxg5 Qc7 16. Nxh5 cxd4 17. cxd4 Nxd4 18. Nf6+ Nxf6 19. Bxf6 g3 20. Bh7 gxf2+ 21. Rxf2 Rg4 22. Qd1 Ne2+ 23. Qxe2 Rc4 24. Raf1 a5 25. b3 Rc3 26. Bb1 Ba6 27. Qh5 Bxf1 28. Qh8+ Kd7 29. Qxa8 Bb5 30. Bc2 Rxc2 31. Rxc2 Qxc2 32. Qb7+ Qc7 33. Qxc7+ Kxc7 34. Kf2 Bd3 35. Ke3 Bf5 36. h5 Kc6 37. Kd4 Kb5 38. a3 a4 39. b4 Kc6 40. h6 b5 41. g4 Bh7 42. Be7 Bg6 43. Bc5 Bh7 44. Ke3 Kd7 45. Kf4 Kc6 46. Kg5 d4 47. Bxd4 Kd5 48. Bb2 Kc4 49. Kf6 Bg6 50. h7 Bxh7 51. Kxf7 Kb3 52. Bc1 Kc2 53. Kxe6 Kxc1 54. Kd7 Kb2 55. e6 Kxa3 56. e7 Bg6 57. e8Q Bxe8+ 58. Kxe8 Kxb4 59. g5 a3 60. g6 a2 61. g7 a1Q 62. g8Q Qa8+ 63. Kf7 Qxg8+ 64. Kxg8 Kc5 0-1

[Event "Florianopolis op 8th"]
[Site "Florianopolis"]
[Date "2022.01.25"]
[Round "3"]
[White "Juliano, Luiz Augusto Porto"]
[Black "Da Silva, Kauan Salvagni Tele"]
[Result "1-0"]
[WhiteElo "1690"]
[BlackElo "1218"]
[PlyCount "117"]
[EventDate "2022.01.24"]
[EventType "swiss"]
[EventRounds "10"]
[EventCountry "BRA"]
[SourceTitle "CBM 206 Extra"]
[Source "ChessBase"]
[SourceDate "2022.03.31"]
[SourceVersion "1"]
[SourceVersionDate "2022.03.31"]
[SourceQuality "1"]

1. c4 e6 2. Nc3 d5 3. d4 Nf6 4. Nf3 b6 5. g3 Be7 6. Bg2 0-0 7. 0-0 Bb7 8. b3 Nbd7 9. Bb2 c5 10. cxd5 Nxd5 11. Rc1 N7f6 12. Na4 cxd4 13. Nxd4 Rc8 14. a3 Ba6 15. Nc6 Qd7 16. Nxe7+ Qxe7 17. Re1 Rfd8 18. Rxc8 Rxc8 19. Qd2 Qc7 20. Rc1 Qd7 21. Rxc8+ Qxc8 22. Nc3 Nxc3 23. Bxc3 Nd7 24. Bb2 Qc7 25. Bh3 Nf8 26. e4 Qd7 27. Qd4 Qxd4 28. Bxd4 Bd3 29. f3 Nd7 30. b4 a6 31. Kf2 b5 32. Ke3 Bc4 33. f4 Kf8 34. Bg2 g6 35. g4 Ke7 36. g5 Kd6 37. h4 e5 38. fxe5+ Nxe5 39. Bxe5+ Kxe5 40. Bf3 Bb3 41. Bg4 Be6 42. Bd1 Bc4 43. a4 Bf1 44. axb5 axb5 45. Bb3 Bc4 46. Bxc4 bxc4 47. b5 Kd6 48. Kd4 c3 49. Kxc3 Kc5 50. b6 Kxb6 51. Kd4 Kc6 52. Ke5 Kd7 53. Kf6 Kd6 54. Kxf7 Ke5 55. Kg7 Kxe4 56. Kxh7 Kf5 57. Kh6 Kg4 58. Kxg6 Kxh4 59. Kh6 1-0

[Event "Pan American-ch U1700"]
[Site "Timbo"]
[Date "2021.12.05"]
[Round "9"]
[White "Rodrigues Mota, Sophia Lorena"]
[Black "Da Silva, Kauan Salvagni Tele"]
[Result "1/2-1/2"]
[WhiteElo "1425"]
[BlackElo "1076"]
[PlyCount "106"]
[EventDate "2021.12.01"]
[EventType "swiss"]
[EventRounds "9"]
[EventCountry "BRA"]
[SourceTitle "CBM 205 Extra"]
[Source "ChessBase"]
[SourceDate "2022.01.31"]
[SourceVersion "1"]
[SourceVersionDate "2022.01.31"]
[SourceQuality "1"]

1. e4 e6 2. d4 d5 3. Nc3 Nf6 4. Bg5 Be7 5. e5 Nfd7 6. Bxe7 Qxe7 7. Nb5 Qd8 8. Qg4 0-0 9. Nh3 a6 10. Nc3 h6 11. Nf4 Qg5 12. Qxg5 hxg5 13. Nd3 b6 14. h4 gxh4 15. Rxh4 g6 16. 0-0-0 Kg7 17. Nf4 c5 18. dxc5 bxc5 19. Re1 Nc6 20. Na4 c4 21. Nh3 Ndxe5 22. Nb6 Rb8 23. Nxc8 Rfxc8 24. Ng5 Rh8 25. Rxh8 Rxh8 26. f4 Nd7 27. b3 cxb3 28. axb3 a5 29. Bb5 Ndb8 30. Rf1 Nd4 31. Bd3 Nbc6 32. Nf3 Nxf3 33. Rxf3 Nd4 34. Re3 Rh2 35. g3 Nc6 36. Bb5 Ne7 37. Bd3 Rh8 38. Kb2 Nc6 39. Bb5 Rc8 40. Rc3 Na7 41. Rxc8 Nxc8 42. g4 Kf6 43. Bd3 e5 44. fxe5+ Kxe5 45. c4 Kd4 46. Be2 dxc4 47. Bxc4 f5 48. gxf5 gxf5 49. Be6 Ne7 50. Bxf5 Nxf5 51. Ka3 Kc5 52. Ka4 Nd4 53. Kxa5 Nxb3+ 1/2-1/2

[Event "Pan American-ch U1700"]
[Site "Timbo"]
[Date "2021.12.04"]
[Round "8"]
[White "Da Silva, Kauan Salvagni Tele"]
[Black "Bashtavenko, Aleksey Stanislavov"]
[Result "0-1"]
[WhiteElo "1076"]
[BlackElo "1540"]
[PlyCount "118"]
[EventDate "2021.12.01"]
[EventType "swiss"]
[EventRounds "9"]
[EventCountry "BRA"]
[SourceTitle "CBM 205 Extra"]
[Source "ChessBase"]
[SourceDate "2022.01.31"]
[SourceVersion "1"]
[SourceVersionDate "2022.01.31"]
[SourceQuality "1"]

1. e4 c6 2. d4 d5 3. exd5 cxd5 4. Bd3 Nc6 5. c3 Nf6 6. Ne2 Bg4 7. 0-0 e6 8. f3 Bh5 9. Bf4 Bd6 10. Qa4 0-0 11. Bg5 Qc7 12. f4 Bxe2 13. Bxe2 Ne4 14. h3 h6 15. Bh4 Bxf4 16. Na3 g5 17. Bf2 Nxf2 18. Kxf2 Bh2 19. Ke1 Qg3+ 20. Kd1 Qxg2 21. Qb5 Rab8 22. Qd3 Bf4 23. h4 Qg3 24. Qxg3 Bxg3 25. hxg5 hxg5 26. Rg1 Bf4 27. Kc2 Kg7 28. Raf1 Kf6 29. Bd3 Rh8 30. Rg2 e5 31. dxe5+ Nxe5 32. Nb5 Nxd3 33. Kxd3 a6 34. Nc7 Ke5 35. Re1+ Kd6 36. Nxd5 Kxd5 37. Re7 Rh3+ 38. Kc2 Rh2 39. Rxh2 Bxh2 40. Rxf7 g4 41. Rg7 g3 42. Kd3 Kc6 43. Rg6+ Kd7 44. c4 Rf8 45. b4 Rf2 46. Ke3 Rxa2 47. Kf3 Rf2+ 48. Ke3 Rb2 49. Rg7+ Kc8 50. Rg8+ Kc7 51. Rg7+ Kb8 52. c5 Rxb4 53. Rg8+ Kc7 54. Rg7+ Kc6 55. Rg6+ Kxc5 56. Rg5+ Kc4 57. Rg4+ Kc3 58. Rg7 a5 59. Rc7+ Kb3 0-1

[Event "Timbo op"]
[Site "Timbo"]
[Date "2021.02.20"]
[Round "3"]
[White "De Carvalho, Vitor Augusto Ponci"]
[Black "Da Silva, Kauan Salvagni Tele"]
[Result "1/2-1/2"]
[WhiteElo "1446"]
[BlackElo "1049"]
[PlyCount "44"]
[EventDate "2021.02.19"]
[EventType "swiss"]
[EventRounds "6"]
[EventCountry "BRA"]
[SourceTitle "EXT 2022"]
[Source "ChessBase"]
[SourceDate "2021.10.06"]
[SourceVersion "1"]
[SourceVersionDate "2021.10.06"]
[SourceQuality "1"]

1. e4 e6 2. Qe2 Nc6 3. Nf3 Be7 4. g3 d5 5. d3 Nf6 6. Bg2 0-0 7. 0-0 b6 8. c3 Ba6 9. c4 Bc5 10. b3 Nd4 11. Nxd4 Bxd4 12. Bb2 Bxb2 13. Qxb2 Bb7 14. Nc3 d4 15. Ne2 e5 16. h3 c5 17. f4 Nd7 18. a3 a5 19. a4 f5 20. exf5 Bxg2 21. Kxg2 Rxf5 22. g4 Rf8 1/2-1/2

[Event "Timbo op"]
[Site "Timbo"]
[Date "2021.02.19"]
[Round "2"]
[White "Da Silva, Kauan Salvagni Tele"]
[Black "Pavao, Wilson"]
[Result "0-1"]
[WhiteElo "1049"]
[BlackElo "1534"]
[PlyCount "90"]
[EventDate "2021.02.19"]
[EventType "swiss"]
[EventRounds "6"]
[EventCountry "BRA"]
[SourceTitle "EXT 2022"]
[Source "ChessBase"]
[SourceDate "2021.10.06"]
[SourceVersion "1"]
[SourceVersionDate "2021.10.06"]
[SourceQuality "1"]

1. e4 c5 2. Nf3 g6 3. Nc3 Bg7 4. d3 Nc6 5. g3 Nf6 6. Bg2 0-0 7. 0-0 e6 8. Be3 b6 9. Qd2 Ng4 10. Bf4 e5 11. Be3 Nxe3 12. Qxe3 Nd4 13. Rac1 Bb7 14. Qd2 f5 15. Nxd4 fxe4 16. Ndb5 d5 17. dxe4 d4 18. Ne2 a6 19. Na3 b5 20. b4 c4 21. f4 Bh6 22. Rcd1 Qe7 23. Qe1 c3 24. fxe5 Be3+ 25. Kh1 Qxb4 26. Nb1 Rxf1+ 27. Bxf1 Rf8 28. Nf4 Bxe4+ 29. Bg2 Bxc2 30. a3 Qb2 31. Bd5+ Kh8 32. Nd3 Qa1 33. e6 Bxd3 34. e7 Re8 35. Rxd3 c2 36. Rd1 cxd1Q 37. Qxd1 Rxe7 38. Qf1 Kg7 39. Kg2 Qb2+ 40. Kh3 Qf2 41. Qd3 Qf5+ 42. Qxf5 gxf5 43. a4 bxa4 44. Na3 Bc1 45. Nc2 d3 0-1

[Event "Florianopolis op 7th"]
[Site "Florianopolis"]
[Date "2021.01.18"]
[Round "1"]
[White "Zampier, Alexandre"]
[Black "Da Silva, Kauan Salvagni Tele"]
[Result "1-0"]
[WhiteElo "1601"]
[BlackElo "1029"]
[PlyCount "89"]
[EventDate "2021.01.18"]
[EventType "swiss"]
[EventRounds "10"]
[EventCountry "BRA"]
[SourceTitle "CBM 200 Extra"]
[Source "ChessBase"]
[SourceDate "2021.03.31"]
[SourceVersion "1"]
[SourceVersionDate "2021.03.31"]
[SourceQuality "1"]

1. d4 d5 2. c4 e6 3. Nc3 Nf6 4. Bg5 Be7 5. Nf3 Nc6 6. e3 0-0 7. a3 Bd7 8. Bd3 dxc4 9. Bxc4 Re8 10. 0-0 h6 11. Bf4 Bd6 12. Ne5 a6 13. Bg3 Rc8 14. f4 Nd5 15. Nxd5 exd5 16. Bxd5 Bxe5 17. fxe5 Rf8 18. Qh5 Be6 19. Be4 Bd5 20. Bd3 b5 21. Rac1 Na5 22. Bh4 Qd7 23. Bf5 Be6 24. Bf6 Bxf5 25. Rxf5 Kh7 26. Rcf1 Nc4 27. Bg5 c5 28. Rxf7 Rxf7 29. Rxf7 Qe6 30. Bf6 Rg8 31. d5 Qxd5 32. Qf5+ Kh8 33. Bxg7+ Rxg7 34. Rf8+ Rg8 35. Qf6+ Kh7 36. Rf7+ Qxf7 37. Qxf7+ Rg7 38. Qf5+ Rg6 39. Qe4 Nd2 40. Qb7+ Rg7 41. Qxa6 Rf7 42. Qxb5 c4 43. h3 Rf1+ 44. Kh2 Rc1 45. Qd7+ 1-0

[Event "Florianopolis op 6th"]
[Site "Florianopolis"]
[Date "2020.01.26"]
[Round "10"]
[White "Allo Collante, Violeta"]
[Black "Da Silva, Kauan Salvagni Tele"]
[Result "1/2-1/2"]
[WhiteElo "1189"]
[BlackElo "1005"]
[PlyCount "79"]
[EventDate "2020.01.20"]
[EventType "swiss"]
[EventRounds "10"]
[EventCountry "BRA"]
[SourceTitle "CBM 194 Extra"]
[Source "ChessBase"]
[SourceDate "2020.03.31"]
[SourceVersion "1"]
[SourceVersionDate "2020.03.31"]
[SourceQuality "1"]

1. d4 Nf6 2. Bf4 e6 3. e3 d5 4. Nf3 Be7 5. c4 c6 6. Bd3 b6 7. Nc3 Bb7 8. 0-0 0-0 9. Re1 Re8 10. e4 dxe4 11. Nxe4 Nxe4 12. Bxe4 f5 13. Bc2 Qd7 14. Bb3 Bb4 15. Re3 c5 16. dxc5 Bxc5 17. Rd3 Qe7 18. Bd6 Bxd6 19. Rxd6 Bxf3 20. Qxf3 Qxd6 21. Qxa8 a5 22. Qf3 Nc6 23. Ba4 Nd4 24. Qd3 Rd8 25. Rd1 f4 26. Bc2 Nf5 27. Qf3 Nd4 28. Qe4 g6 29. h4 Kg7 30. h5 e5 31. hxg6 hxg6 32. a3 Kh6 33. b4 axb4 34. axb4 Qf6 35. c5 Nxc2 36. Rxd8 Qxd8 37. Qxc2 bxc5 38. Qxc5 Qd1+ 39. Kh2 Qh5+ 40. Kg1 1/2-1/2

[Event "Florianopolis op 6th"]
[Site "Florianopolis"]
[Date "2020.01.25"]
[Round "9"]
[White "Da Silva, Kauan Salvagni Tele"]
[Black "Calcada, Henrique Galvan"]
[Result "0-1"]
[WhiteElo "1005"]
[BlackElo "1322"]
[PlyCount "124"]
[EventDate "2020.01.20"]
[EventType "swiss"]
[EventRounds "10"]
[EventCountry "BRA"]
[SourceTitle "CBM 194 Extra"]
[Source "ChessBase"]
[SourceDate "2020.03.31"]
[SourceVersion "1"]
[SourceVersionDate "2020.03.31"]
[SourceQuality "1"]

1. e4 c5 2. Nf3 d6 3. d3 Nf6 4. g3 Nc6 5. Bg2 g6 6. c4 Bg7 7. Nc3 0-0 8. 0-0 a6 9. Re1 Nd7 10. Bd2 e6 11. Qc1 Nde5 12. Nxe5 dxe5 13. Be3 Qe7 14. Bh6 Rd8 15. Bxg7 Kxg7 16. Rd1 Nd4 17. Kh1 Bd7 18. Qd2 Bc6 19. Ne2 Nxe2 20. Qxe2 Rd4 21. Rac1 Rad8 22. b3 Qd6 23. Rc3 f5 24. exf5 Bxg2+ 25. Kxg2 exf5 26. Qf3 e4 27. Qe2 Rxd3 28. Rcxd3 exd3 29. Qb2+ Kf7 30. a3 Qc6+ 31. Kg1 Qf3 32. Rd2 Re8 33. Qb1 Rd8 34. Qb2 Rd4 35. Qc3 b6 36. b4 Qe4 37. bxc5 bxc5 38. Qa5 Rxc4 39. Qc7+ Kf6 40. Qd8+ Kg7 41. Rxd3 Rd4 42. Rxd4 Qxd4 43. Qxd4+ cxd4 44. f4 Kf6 45. Kf2 Ke6 46. Ke2 Kd5 47. Kd3 a5 48. a4 h6 49. h4 h5 50. Kd2 Ke4 51. Ke2 d3+ 52. Kf2 Kd4 53. Ke1 Ke3 54. Kd1 d2 55. Kc2 Ke2 56. Kc3 d1Q 57. Kc4 Qxa4+ 58. Kc3 Qb4+ 59. Kc2 a4 60. Kc1 Qd2+ 61. Kb1 a3 62. Ka1 Qb2# 0-1

[Event "Florianopolis op 6th"]
[Site "Florianopolis"]
[Date "2020.01.24"]
[Round "7"]
[White "Da Silva, Kauan Salvagni Tele"]
[Black "Morato, Saulo Duenas"]
[Result "0-1"]
[WhiteElo "1005"]
[BlackElo "1353"]
[PlyCount "104"]
[EventDate "2020.01.20"]
[EventType "swiss"]
[EventRounds "10"]
[EventCountry "BRA"]
[SourceTitle "CBM 194 Extra"]
[Source "ChessBase"]
[SourceDate "2020.03.31"]
[SourceVersion "1"]
[SourceVersionDate "2020.03.31"]
[SourceQuality "1"]

1. e4 e5 2. Nf3 Nf6 3. Nc3 Nc6 4. Bc4 Bc5 5. d3 d6 6. h3 0-0 7. 0-0 Be6 8. Nd5 Bxd5 9. exd5 Ne7 10. Bg5 Nf5 11. Nh4 h6 12. Bxf6 Qxf6 13. Nxf5 Qxf5 14. Qg4 Qxg4 15. hxg4 f5 16. gxf5 Rxf5 17. Rae1 Raf8 18. Re2 g5 19. c3 g4 20. g3 Rf3 21. Kg2 a6 22. b4 Ba7 23. a4 R8f7 24. Bb3 Kg7 25. b5 axb5 26. axb5 Kg6 27. Ra2 Bc5 28. Re2 Kg5 29. c4 h5 30. Ra2 h4 31. Bd1 h3+ 32. Kg1 Rxg3+ 33. Kh1 Rg2 34. f4+ Rxf4 35. Rxf4 exf4 36. Rxg2 hxg2+ 37. Kxg2 Kh4 38. Kh2 f3 39. Kh1 Kh3 40. b6 f2 41. Be2 Bxb6 42. c5 Bxc5 43. d4 Bxd4 44. Ba6 Kg3 45. Bf1 Kf3 46. Bd3 g3 47. Bf1 b5 48. Bg2+ Ke2 49. Bh3 b4 50. Bg4+ Ke1 51. Bh3 b3 52. Kg2 b2 0-1

[Event "Florianopolis op 6th"]
[Site "Florianopolis"]
[Date "2020.01.22"]
[Round "4"]
[White "Metidieri, Diogenes Galavotti"]
[Black "Da Silva, Kauan Salvagni Tele"]
[Result "1/2-1/2"]
[WhiteElo "1245"]
[BlackElo "1005"]
[PlyCount "114"]
[EventDate "2020.01.20"]
[EventType "swiss"]
[EventRounds "10"]
[EventCountry "BRA"]
[SourceTitle "CBM 194 Extra"]
[Source "ChessBase"]
[SourceDate "2020.03.31"]
[SourceVersion "1"]
[SourceVersionDate "2020.03.31"]
[SourceQuality "1"]

1. e4 e6 2. d4 d5 3. Nc3 c5 4. Nf3 Be7 5. e5 Nc6 6. Bb5 Bd7 7. Be3 a6 8. Bxc6 Bxc6 9. 0-0 h6 10. Re1 cxd4 11. Nxd4 f6 12. Nxc6 bxc6 13. Bf4 fxe5 14. Bxe5 Nf6 15. Qd3 0-0 16. Re3 Qe8 17. Rh3 Ng4 18. f4 Bc5+ 19. Bd4 Bxd4+ 20. Qxd4 e5 21. Qd2 exf4 22. Rf3 Qe5 23. Re1 Qg5 24. Nd1 Rad8 25. h3 Nf6 26. Re6 Ne4 27. Qe1 Rc8 28. Nf2 Qf5 29. Re7 Qf6 30. Ra7 Nxf2 31. Qxf2 c5 32. c3 d4 33. cxd4 Qxd4 34. Qxd4 cxd4 35. Rxa6 Rcd8 36. g4 fxg3 37. Rxg3 d3 38. Ra7 Rf7 39. Rxf7 Kxf7 40. Rf3+ Ke6 41. Rf1 d2 42. Rd1 Ke5 43. Kf2 g5 44. Ke2 Ke4 45. Rxd2 Rxd2+ 46. Kxd2 Kf3 47. b4 h5 48. b5 g4 49. hxg4 hxg4 50. b6 g3 51. b7 g2 52. b8Q g1Q 53. Qf8+ Ke4 54. Qa8+ Kf4 55. Qa4+ Kf5 56. Qc2+ Ke5 57. Qc3+ Kd5 1/2-1/2

[Event "BRA-ch Regional Sul"]
[Site "Lages"]
[Date "2019.10.18"]
[Round "2"]
[White "Sabadin, Rosan"]
[Black "Da Silva, Kauan Salvagni Tele"]
[Result "1-0"]
[WhiteElo "1412"]
[BlackElo "1018"]
[PlyCount "57"]
[EventDate "2019.10.18"]
[EventType "swiss"]
[EventRounds "5"]
[EventCountry "BRA"]
[SourceTitle "CBM 195 Extra"]
[Source "ChessBase"]
[SourceDate "2020.05.31"]
[SourceVersion "1"]
[SourceVersionDate "2020.05.31"]
[SourceQuality "1"]

1. e4 e6 2. d4 d5 3. Nc3 dxe4 4. Nxe4 f5 5. Ng5 h6 6. Qh5+ Kd7 7. Nf7 g6 8. Qxg6 Qh4 9. Nf3 Qe4+ 10. Be2 Qxc2 11. Nxh8 Bb4+ 12. Bd2 Bxd2+ 13. Nxd2 Ne7 14. Qxh6 Qxb2 15. 0-0 Ng8 16. Qg7+ Ne7 17. Nc4 Qxe2 18. Ne5+ Kd6 19. Nhf7+ Kd5 20. Rfd1 Nec6 21. Nf3 Nb4 22. N7e5 N8c6 23. Qxc7 a6 24. a3 Nc2 25. Rac1 Nxa3 26. Nxc6 Nb5 27. Qd8+ Nd6 28. Ne7+ Ke4 29. Re1 1-0